书目信息 |
| 题名: |
化学分析的样品处理
|
|
| 作者: | 黄敏文 编著 | |
| 分册: | ||
| 出版信息: | 北京 化学工业出版社 2007 |
|
| 页数: | 219页 | |
| 开本: | 21cm | |
| 丛书名: | ||
| 单 册: | ||
| 中图分类: | TQ014 | |
| 科图分类: | ||
| 主题词: | 工业化学--化学分析 , 工业化学 , 化学分析 | |
| 电子资源: | ||
| ISBN: | 978-7-122-00135-1 | |
| 000 | 00959nam0 2200277 450 | |
| 001 | 003478524 | |
| 005 | 20080303094955.06 | |
| 010 | @a978-7-122-00135-1@dCNY23.00 | |
| 035 | @a003478524 | |
| 100 | @a20070327d2007 em y0chiy0110 ea | |
| 101 | 0 | @achi |
| 102 | @aCN@b110000 | |
| 105 | @ay z 000yy | |
| 106 | @ar | |
| 200 | 1 | @a化学分析的样品处理@Ahua xue fen xi de yang pin chu li@f黄敏文[等]编著 |
| 210 | @a北京@c化学工业出版社@d2007 | |
| 215 | @a219页@d21cm | |
| 304 | @a编著者还有:苑星海、林穗云、周天泽 | |
| 330 | @a本书围绕化学分析实验这一中心,系统地阐述了样品处理问题。较详细地介绍了各种溶解方法,结合各种测试手段和各类分析对象,着重讨论了不同情况下的样品处理特点,探讨了溶样机理、样品处理时的损失、玷污以及分析和标样制备的有关问题。 | |
| 606 | 0 | @a工业化学@x化学分析 |
| 606 | 0 | @a工业化学 |
| 606 | 0 | @a化学分析 |
| 690 | @aTQ014@v4 | |
| 701 | 0 | @a黄敏文@Ahuang min wen@4编著 |
| 801 | 0 | @aCN@bNLC@c20080303 |
| 905 | @dTQ014@e181@f4 | |
| 化学分析的样品处理/黄敏文[等]编著.-北京:化学工业出版社,2007 |
| 219页;21cm |
| ISBN 978-7-122-00135-1:CNY23.00 |
| 本书围绕化学分析实验这一中心,系统地阐述了样品处理问题。较详细地介绍了各种溶解方法,结合各种测试手段和各类分析对象,着重讨论了不同情况下的样品处理特点,探讨了溶样机理、样品处理时的损失、玷污以及分析和标样制备的有关问题。 |
| ● |
| 相关链接 |
|
|
|
|
正题名:化学分析的样品处理
索取号:TQ014/181
 
预约/预借
| 序号 | 登录号 | 条形码 | 馆藏地/架位号 | 状态 | 备注 |
| 1 | 0614535 | 206145358 | 第二样本阅览室/ [索取号:TQ014/181] | 在馆 | |
| 2 | 0614536 | 206145367 | 第三借阅区/ [索取号:TQ014/181] | 在馆 | |
| 3 | 0614537 | 206145376 | 第三借阅区/ [索取号:TQ014/181] | 在馆 | |
| 4 | 0614538 | 206145385 | 第三借阅区/ [索取号:TQ014/181] | 在馆 |